Natural Geographic Borders Quiz Stats

 Plays Quiz Updated Jul 5, 2021

     
Support Sporcle.
Go Orange.
Score 0/20 Timer 05:00
0 Plays Today
Country 1 Natural Geographic Border % Correct
United StatesRio Grande (River)
83.4%
IndiaHimalayas (Mountains)
80.5%
United KingdomEnglish Channel
80.1%
ChileAndes (Mountains)
77.1%
United StatesBering Sea
71.1%
SudanRed Sea
62.7%
FranceAlps (Mountains)
58.1%
SpainStrait of Gibraltar
58%
FrancePyrenees (Mountains)
48.8%
GermanyRhine (River)
46.8%
Country 1 Natural Geographic Border % Correct
RomaniaDanube (River)
42.8%
UkraineBlack Sea
40.1%
MongoliaGobi (Desert)
32%
AustraliaTasman Sea
29.1%
AzerbaijanCaspian Sea
26.3%
PolandCarpathians (Tatra Mountains)
14%
D. R. of the CongoLake Tanganyika
9.3%
ChinaYalu (River)
8.3%
MalaysiaStraits of Johor
4.6%
MexicoHondo (River)
2%

From the Vault

Segmented Movie Posters (2000s)

by uterfan

Movies 10m
Many of these smushed together movies seem like they would be spectacular.
Remove Ads.
Support Sporcle.
Get the best of Sporcle when you Go Orange. This ad-free experience offers more features, more stats, and more fun while also helping to support Sporcle. Thank you for becoming a member.

Show Comments

Extras

Top Quizzes Today


Score Distribution

Your Account Isn't Verified!

In order to create a playlist on Sporcle, you need to verify the email address you used during registration. Go to your Sporcle Settings to finish the process.

Report this User

Report this user for behavior that violates our Community Guidelines.

Details: